Countries Contributing Most Troops to UN Peacekeeping - Statistics

General Stats
  • This quiz has been taken 169 times
  • The average score is 13 of 25
Answer Stats
Rank Troops & Police Answer % Correct
5 5,353 India
88%
9 2,531 China
84%
6 4,440 Pakistan
78%
7 3,093 Egypt
71%
22 983 Niger
70%
8 2,837 Indonesia
69%
16 1,151 South Africa
67%
2 6,632 Ethiopia
62%
11 2,141 Morocco
59%
1 6,731 Bangladesh
57%
13 1,930 Tanzania
57%
19 1,085 Italy
53%
10 2,480 Ghana
51%
14 1,473 Chad
50%
12 2,086 Senegal
47%
18 1,089 Cameroon
44%
3 6,322 Rwanda
42%
4 5,682 Nepal
41%
21 999 Zambia
41%
15 1,453 Togo
34%
24 887 Malawi
33%
23 905 Guinea
32%
20 1,031 Burkina Faso
25%
25 883 Mongolia
19%
17 1,138 Uruguay
12%
No matching quizzes found
Score Distribution
Percent of People with Each Score
Percentile by Number Answered
Your Score History
You have not taken this quiz